Đề tài nghiên cứu khoa học trọng điểm nghiên cứu tiềm năng du lịch trên đường 12,20 ở Quảng Bình, Hà Tĩnh (VN) phục vụ hoạt động du lịch tuyến phụ cận hành lang kinh tế Đông-Tây và trục đường xuyên Á
....
Đã lưu trong:
| Tác giả chính: | |
|---|---|
| Định dạng: | Sách |
| Năm xuất bản: |
Quảng Bình
Khoa xã hội-Du lịch-Kinh tế
2013
|
| Chủ đề: | |
| Tags: |
Thêm thẻ
Không có thẻ, Hãy là người đầu tiên gắn thẻ bản ghi này!
|
| LEADER | 00860nam a2200169 4500 | ||
|---|---|---|---|
| 999 | |c 14890 |d 14890 | ||
| 082 | |a 915.97 |b NG527TH | ||
| 100 | |a Nguyễn Thế Hoàn | ||
| 245 | |a Đề tài nghiên cứu khoa học trọng điểm nghiên cứu tiềm năng du lịch trên đường 12,20 ở Quảng Bình, Hà Tĩnh (VN) phục vụ hoạt động du lịch tuyến phụ cận hành lang kinh tế Đông-Tây và trục đường xuyên Á |c Nguyễn Thế Hoàn, Dương Ánh Tuyết, Lê Trọng Đại,... | ||
| 260 | |a Quảng Bình |b Khoa xã hội-Du lịch-Kinh tế |c 2013 | ||
| 300 | |a 84tr. |c 29cm | ||
| 520 | |a .... | ||
| 653 | |a Du lịch | ||
| 653 | |a Hà Tĩnh | ||
| 653 | |a Quảng Bình | ||
| 942 | |2 ddc |c NCKH | ||
| 952 | |0 0 |1 0 |2 ddc |4 0 |6 915_970000000000000_NG527TH |7 0 |8 900 |9 113379 |a qbu |b qbu |c D1 |d 2017-10-12 |o 915.97 NG527TH |p NCKH64.c1 |r 2017-10-12 |w 2017-10-12 |y NCKH | ||